Fortran 77 : principles of programming /
Guardado en:
| Autor Principal: | |
|---|---|
| Formato: | Libro |
| Idioma: | English |
| Publicado: |
New York :
Wiley,
c1980.
|
| Materias: | |
| Etiquetas: |
Agregar Etiqueta
Sin Etiquetas, Sea el primero en etiquetar este registro!
|
| LEADER | 00696cam a22002055a 4500 | ||
|---|---|---|---|
| 001 | EIQ.libpla001210 | ||
| 008 | 790711s1980####nyua##########001#0#eng#d | ||
| 005 | 20060818141808.0 | ||
| 245 | 1 | 0 | |a Fortran 77 : |b principles of programming / |c Jerrold L. Wagener. |
| 260 | |a New York : |b Wiley, |c c1980. | ||
| 300 | |a xi, 370 p. : |b il. ; |c 28 cm. | ||
| 500 | |a Incluye índices. | ||
| 020 | |a 0471044741 | ||
| 100 | 1 | |a Wagener, Jerrold L. | |
| 082 | 0 | 0 | |a 001.6/424 |
| 650 | 4 | |a FORTRAN 77 (Lenguaje programación de computadores) |x Theory. | |
| 650 | 4 | |a FORTRAN 77 (Computer program language) |x Teoría. | |
| 010 | |a 79017421 | ||
| 040 | |a DLC |c DLC |d AR-BbSID | ||
| 859 | |a AR-BbSID |b BIB. PLAPIQUI |h 001.642 4 |i W 122 |p 1319 | ||
